Fallout 4: All companions - Statistics

General Stats
  • This quiz has been taken 121 times
  • The average score is 12 of 16
Answer Stats
Answer % Correct
Dogmeat
94%
Piper
94%
Nick Valentine
91%
Strong
89%
Paladin Danse
88%
Preston Garvey
86%
Cait
85%
Codsworth
85%
Curie
79%
Hancock
79%
Deacon
72%
Robert MacCready
66%
Old Longfellow
58%
Porter Gage
55%
X6-88
55%
Ada
49%
No matching quizzes found
Score Distribution
Percent of People with Each Score
Percentile by Number Answered
Your Score History
You have not taken this quiz